Conversaciones interprovinciales sobre planimetría y organización
Descripción Física:
[1] f. plegat en 4 parts ; 22 cm
MARC
| LEADER | 00000nam a2200000Ia 4500 | ||
|---|---|---|---|
| 001 | 19279 | ||
| 008 | 160829s1966 xx 000 0 cat d | ||
| 080 | |a FU-3-42 | ||
| 100 | |a Conversaciones Interprovinciales sobre Planimetría y Organización (1as : 1966 : Barcelona) |9 45615 | ||
| 245 | |a Conversaciones interprovinciales sobre planimetría y organización | ||
| 260 | |a Barcelona : |b Diputación Provincial de Barcelona, |c 1966 | ||
| 300 | |a [1] f. plegat en 4 parts ; |c 22 cm | ||
| 590 | |a Imprès sobre el plànol de la província de Barcelona | ||
| 650 | |a Barcelona (Província) |x Congressos |9 45616 | ||
| 650 | |a Ordenació del territori |x Barcelona (Província) |x Congressos |9 45617 | ||
| 710 | 1 | |a Barcelona (Catalunya : Província). |b Diputació |9 52408 | |
| 901 | |a Arxiu | ||
| 942 | |n 1 | ||
| 952 | |0 0 |1 0 |4 0 |6 FU342 |7 1 |9 52736 |a Arxiu |b Arxiu |d 2016-12-01 |l 0 |o FU-3-42 |p 19279 |r 2016-12-01 00:00:00 |w 2016-12-01 |y ARXIU | ||
| 999 | |c 56585 |d 56585 | ||